Introduction to ore deposits

Zapisane w:
Opis bibliograficzny
1. autor: Baumann, Ludwig (Autor)
Format: Książka
Język:angielski
Wydane: Londres Scottish Academic Press 1976
Wydanie:1a. ed
Hasła przedmiotowe:
Etykiety: Dodaj etykietę
Nie ma etykietki, Dołącz pierwszą etykiete!

MARC

LEADER 00000cam a2200000 a 4500
001 UCD6137
003 CL-VaPUC
008 161118e19760000uk |||||||||||||||||eng|d
082 0 4 |a 622.5  |b BAU  |2 21 
100 0 |a Baumann, Ludwig  |e author  |9 589825 
245 1 0 |a Introduction to ore deposits 
250 |a 1a. ed 
300 |a 131 p 
942 |c BK 
945 |d 20161118 09:36:00  |a arojas 
260 |a Londres  |b Scottish Academic Press  |c 1976 
650 7 |a GEOLOGIA ECONOMICA  |2 CL-VaPUC  |9 262211 
650 0 |a Yacimientos minerales  |9 262212 
650 7 |a RECURSOS MINERALES  |2 CL-VaPUC  |9 351120 
650 7 |a RESIDUOS MINEROS  |2 CL-VaPUC  |9 585937 
650 0 |a Industria minera  |9 260256 
583 |a last modification  |c 20161118 09:36:00  |k Rodrigo Vera 
999 |c 366512  |d 366510 
952 |0 0  |1 0  |3 erd  |4 0  |6 622_500000000000000_BAU_1976  |7 0  |8 A  |9 480789  |a BIBING  |b BIBING  |i 5347998  |o 622.5 BAU 1976  |p 5347998  |r 2025-01-20  |w 2019-11-24  |y BK  |z Catalogado en:20161118  |k EIQ